Algérien ayant joué à l'OL depuis 2000 - Statistiques

Statistiques générales
  • Ce quiz a été pris 75 fois
  • Le résultat moyen est 4 sur 8
Statistiques - réponses
Hint Réponse % Correct
2016-2023 Aouar Houssem
83%
2012-2017 2025- Ghezzal Rachid
79%
2021-2022 Slimani Islam
79%
2020-2021 Benlamri Djamel
52%
2024-2025 Benrahma Said
39%
2011-2015 Benzia Yassine
25%
2007-2008 Belhadj Nadir
18%
2009-2011 Belfodil Ishak
14%
Aucun quiz correspondant
Distribution des résultats
% des personnes avec chaque résultat
Percentile par nombre de réponses
Votre historique - résultats
Vous n’avez pas pris ce quiz